| 000 | 005250000a22001690004500 | ||
|---|---|---|---|
| 003 | MACL | ||
| 005 | 20160227115624.0 | ||
| 008 | 160227b xxu||||| |||| 00| 0 eng d | ||
| 040 |
_aMACL _cMACL |
||
| 041 | _aHindi | ||
| 082 | _a610 | ||
| 100 |
_aडॉ महाजीत सहाय _940809 |
||
| 245 | _aजीववृत्ति विज्ञान | ||
| 260 |
_bहिंदुस्तानी एकेडेमी _c1939 _aइलाहाबाद |
||
| 650 |
_aMedical Sci. _933115 |
||
| 942 |
_cHIN _k610 _2ddc |
||
| 999 |
_c23013 _d23013 |
||